Statistics for Country from cities #1

Click here to take the quiz!

General Stats

  • This quiz has been taken 11 times
  • The average score is 4 of 6

Answer Stats

CountryCityCityCityCityCityCityCity% Correct
IsraelHebronAcreAshkelonNazarethJerichoCaesareaEilat
100%
AustraliaSheppartonMilduraNullarborBroomeCoffs HarbourTownsvilleDubbo
78%
BelarusGomelPolatskGrodnoMazyrBaranavichyOrshaZlobin
67%
MoroccoSafiAgadirErrachidiaOujdaMeknesSidi IfniOuarzazate
56%
South AfricaWorcesterQueenstownMthathaMbombelaPolokwanePofaderPort Nolloth
56%
Sri LankaRatnapuraAmparaVavuniyaPuttalamJaffnaMataraBadulla
44%

Score Distribution

Percentile by Number Answered

Percent of People with Each Score

Your Score History

You have not taken this quiz